000 00322nam a2200109Ia 4500
008 200302s9999 xx 000 0 und d
100 _aWenyi zhou and pierre chambron
245 _aDE L' Architecture A L A ville from architecture to the city
260 _bDesign Media Publishing (UK) Ltd.,
260 _c2012
300 _a242
999 _c6238
_d6238